<?xml version="1.0" encoding="UTF-8"?><?xml-stylesheet type="text/xsl" href="static/style.xsl"?><OAI-PMH xmlns="http://www.openarchives.org/OAI/2.0/" xmlns:xsi="http://www.w3.org/2001/XMLSchema-instance" xsi:schemaLocation="http://www.openarchives.org/OAI/2.0/ http://www.openarchives.org/OAI/2.0/OAI-PMH.xsd"><responseDate>2026-04-13T15:09:42Z</responseDate><request verb="GetRecord" identifier="oai:www.recercat.cat:2117/329638" metadataPrefix="marc">https://recercat.cat/oai/request</request><GetRecord><record><header><identifier>oai:recercat.cat:2117/329638</identifier><datestamp>2026-02-07T01:19:14Z</datestamp><setSpec>com_2072_1033</setSpec><setSpec>col_2072_452949</setSpec></header><metadata><record xmlns="http://www.loc.gov/MARC21/slim" xmlns:dcterms="http://purl.org/dc/terms/" xmlns:xsi="http://www.w3.org/2001/XMLSchema-instance" xmlns:doc="http://www.lyncode.com/xoai" xsi:schemaLocation="http://www.loc.gov/MARC21/slim http://www.loc.gov/standards/marcxml/schema/MARC21slim.xsd">
   <leader>00925njm 22002777a 4500</leader>
   <datafield ind2=" " ind1=" " tag="042">
      <subfield code="a">dc</subfield>
   </datafield>
   <datafield ind2=" " ind1=" " tag="720">
      <subfield code="a">Serani, A.</subfield>
      <subfield code="e">author</subfield>
   </datafield>
   <datafield ind2=" " ind1=" " tag="720">
      <subfield code="a">Pellegrini, R.</subfield>
      <subfield code="e">author</subfield>
   </datafield>
   <datafield ind2=" " ind1=" " tag="720">
      <subfield code="a">Broglia, R.</subfield>
      <subfield code="e">author</subfield>
   </datafield>
   <datafield ind2=" " ind1=" " tag="720">
      <subfield code="a">Wackers, J.</subfield>
      <subfield code="e">author</subfield>
   </datafield>
   <datafield ind2=" " ind1=" " tag="720">
      <subfield code="a">Visonneau, M.</subfield>
      <subfield code="e">author</subfield>
   </datafield>
   <datafield ind2=" " ind1=" " tag="720">
      <subfield code="a">Diez, M.</subfield>
      <subfield code="e">author</subfield>
   </datafield>
   <datafield ind2=" " ind1=" " tag="260">
      <subfield code="c">2019</subfield>
   </datafield>
   <datafield ind2=" " ind1=" " tag="520">
      <subfield code="a">An adaptive N -ﬁdelity (NF) metamodel is presented for the solution of simulation-&#xd;
&#xd;
based design optimization and uncertainty quantiﬁcation problems.  A multi-ﬁdelity approximation is &#xd;
 built  by  an  additive  correction  of  a  low-ﬁdelity  metamodel  with  metamodels  of  &#xd;
hierarchical diﬀerences (errors) between higher-ﬁdelity levels.  The metamodel is based on the &#xd;
expected value of an ensemble of stochastic radial-basis functions, which also provides the &#xd;
uncertainty associated to the prediction.  New training points are added to the appropriate ﬁdelity &#xd;
level, based on the NF  prediction  uncertainty  and  the  computational  cost.   The  method  is  &#xd;
demonstrated  for  an analytical  test  function,  the  shape  optimization  of  a  NACA  &#xd;
hydrofoil,  and  the  operational- uncertainty  quantiﬁcation  of  a  RoPax  ferry.   The  ﬁdelity  &#xd;
levels  are  deﬁned  by  adaptive-grid reﬁnement and multi-grid approach, for the NACA hydrofoil &#xd;
and the RoPax ferry, respectively. The generalization of the multi-ﬁdelity concept to  N ﬁdelities &#xd;
shows promising results both in terms of accuracy and computational cost.</subfield>
   </datafield>
   <datafield tag="653" ind2=" " ind1=" ">
      <subfield code="a">Àrees temàtiques de la UPC::Matemàtiques i estadística::Anàlisi numèrica::Mètodes en elements finits</subfield>
   </datafield>
   <datafield tag="653" ind2=" " ind1=" ">
      <subfield code="a">Finite element method</subfield>
   </datafield>
   <datafield tag="653" ind2=" " ind1=" ">
      <subfield code="a">Marine engineering</subfield>
   </datafield>
   <datafield tag="653" ind2=" " ind1=" ">
      <subfield code="a">Multi-ﬁdelity, adaptive metamodels, simulation-based design optimization, uncertainty  quantiﬁcation, adaptive-grid reﬁnement, multi-grid acceleration</subfield>
   </datafield>
   <datafield tag="653" ind2=" " ind1=" ">
      <subfield code="a">Enginyeria naval</subfield>
   </datafield>
   <datafield ind2="0" ind1="0" tag="245">
      <subfield code="a">An adaptive N -fidelity metamodel for design and operational-uncertainty space exploration of complex industrial problems</subfield>
   </datafield>
</record></metadata></record></GetRecord></OAI-PMH>